Normal view
MARC view
Entry Personal Name
001 - CONTROL NUMBER
- control field: 42106
003 - CONTROL NUMBER IDENTIFIER
- control field: ARRUPE
005 - DATE AND TIME OF LATEST TRANSACTION
- control field: 20180912120540.0
008 - FIXED-LENGTH DATA ELEMENTS
- fixed length control field: 180912|| aca||aabn | a|a d
040 ## - CATALOGING SOURCE
- Original cataloging agency: ARRUPE
- Transcribing agency: ARRUPE
100 ## - HEADING--PERSONAL NAME
- Personal name: Kierkegaard, Søren,
- Dates associated with a name: 1813-1855.
670 ## - SOURCE DATA FOUND
- Source citation: Work cat.: (ARRUPE)0: Lippitt, John (ed.) 42105, The Oxford handbook of Kierkegaard /, 2013.